| 000 | 01663cab a2200421 4500 | ||
|---|---|---|---|
| 001 | ABS48105 | ||
| 008 | 090401t1993 xxu||||| |||| 00| 0 eng d | ||
| 035 | _a(Sirsi) u65011 | ||
| 041 | _aeng | ||
| 100 | _aMacpherson, R. | ||
| 245 | _aPlanning and nature conservation | ||
| 260 | _c1993 | ||
| 350 | _a0 | ||
| 490 |
_aScottish Planning Law and Practice _v38 February 1993, 11-14(4) |
||
| 520 | _aAs environmental awareness becomes more widespread it can be argued that the planning system should take more account of the environmental needs not only of humans, but also of other species of animals and plants. | ||
| 650 | _aCOUNTRYSIDE (SCOTLAND) ACT 1967 | ||
| 650 | _aENVIRONMENTAL ASSESSMENT (SCOTLAND) REGULATIONS 1988 | ||
| 650 | _aNATIONAL PARKS AND ACCESS TO THE COUNTRYSIDE ACT 1949 | ||
| 650 | _aNATURAL HERITAGE (SCOTLAND) ACT 1991 | ||
| 650 | _aNATURAL HERITAGE AREAS | ||
| 650 | _aNATURE CONSERVATION | ||
| 650 | _aRAMSAR SITES | ||
| 650 | _aSCOTLAND | ||
| 650 | _aSCOTTISH NATURAL HERITAGE | ||
| 650 | _aSITES OF SPECIAL SCIENTIFIC INTEREST | ||
| 650 | _aSPECIAL PROTECTION AREAS | ||
| 650 | _aSITES OF SPECIAL SCIENTIFIC INTEREST | ||
| 650 | _aTOWN AND COUNTRY PLANNING (GENERAL DEVELOPMENT PROCEDURE) (SCOTLAND) O | ||
| 650 | _aTOWN AND COUNTRY PLANNING (GENERAL PERMITTED DEVELOPMENT) (SCOTLAND) ORDER 1992 | ||
| 650 | _aTOWN AND COUNTRY PLANNING (SCOTLAND) ACT 1972 | ||
| 650 | _aWILDLIFE AND COUNTRYSIDE ACT 1981 | ||
| 650 | _aWORLD HERITAGE SITES | ||
| 690 | _aCONSERVATION AND THE ENVIRONMENT | ||
| 690 | _aPLANNING LAW AND PRACTICE | ||
| 700 | _aMatheson, A. | ||
| 942 | _n0 | ||
| 948 | _c04/03/1997 | ||
| 999 |
_c40516 _d40516 |
||